|
|
|
|
| LEADER |
00936nam#a2200277#a#4500 |
| 001 |
008788 |
| 005 |
20160707161427.0 |
| 008 |
020821s2002####ag##################spa#d |
| 040 |
|
|
|a AR-beUNQ
|
| 099 |
|
|
|a T/05-R54
|
| 100 |
1 |
|
|a Ríos, Carlos
|
| 245 |
0 |
0 |
|a La intermediación del dinero en la estructura interna del trueque /
|c Carlos Ríos ; Bárbara Rojas ; Luciana Checura....[et al.]
|
| 260 |
|
|
|a Quilmes :
|b [s.n.],
|c 2002
|
| 300 |
|
|
|a [45] h :
|b il.
|
| 500 |
|
|
|a Trabajo práctico presentado para la materia Globalización y Economía Urbana, Universidad Nacional de Quilmes
|
| 942 |
|
|
|c TP
|n 0
|
| 650 |
|
7 |
|a ECONOMIA
|2 Spines
|
| 650 |
|
7 |
|a TRUEQUE
|2 toit
|
| 650 |
|
7 |
|a TRABAJOS PRACTICOS
|2 toit
|
| 651 |
|
7 |
|a ARGENTINA
|2 Spines
|
| 653 |
|
|
|a UNQ
|
| 700 |
1 |
|
|a Rojas, Bárbara
|
| 700 |
1 |
|
|a Checura, Luciana
|
| 700 |
1 |
|
|a González, Héctor
|
| 929 |
|
|
|a COMPRA
|b Carlos Fidel
|d 6,00E
|e 20020821
|f patrimonio
|j 32496
|
| 999 |
|
|
|c 1477
|d 76864
|